[Event "East Detroit (MCO/4/39)"]
[Site "?"]
[Date "1985.??.??"]
[Round "?"]
[White "Clines, S.."]
[Black "Nixon, Peter"]
[Result "0-1"]
[WhiteElo "1605"]
[BlackElo "1605"]
[PlyCount "46"]
[EventDate "1985.??.??"]

{4/(39)} 1. d4 Nf6 2. c4 d5 3. Nf3 Bg4 4. e3 c5 5. Nc3 e6 6. h3 Bh5 7. g4 Bg6
8. Bd3 Ne4 9. Ne5 Nxc3 10. bxc3 Bxd3 11. Qxd3 cxd4 12. cxd4 Bb4+ 13. Ke2 Nc6
14. Nxc6 bxc6 15. Rb1 Qa5 16. a3 Be7 17. Qb3 O-O 18. c5 Qa6+ 19. Kf3 e5 20. Qb7
Qd3 21. Bb2 Bh4 22. dxe5 Qe4+ 23. Ke2 Qc2+ 0-1

[Event "East Detroit (MCO/5/42)"]
[Site "?"]
[Date "1985.??.??"]
[Round "?"]
[White "Clines, S.."]
[Black "Mellen, Steve"]
[Result "1-0"]
[WhiteElo "1605"]
[BlackElo "1605"]
[PlyCount "43"]
[EventDate "1985.??.??"]

{5/(42)} 1. d4 Nf6 2. c4 e6 3. Nf3 d5 4. Nc3 Nbd7 5. Bf4 c5 6. e3 dxc4 7. Bxc4
b6 8. d5 exd5 9. Nxd5 Bb7 10. Nc7+ Qxc7 11. Bxc7 Rc8 12. Bd6 Bxf3 13. gxf3 Bxd6
14. Qxd6 Rd8 15. O-O-O Rf8 16. Rd2 Rg8 17. Rhd1 Rf8 18. Bb5 Rh8 19. Qe5+ Kf8
20. Rxd7 Nxd7 21. Rxd7 Rxd7 22. Bxd7 1-0

[Event "East Detroit (MCO/1/34)"]
[Site "?"]
[Date "1985.??.??"]
[Round "?"]
[White "Clines, S.."]
[Black "Goldman, S.."]
[Result "1-0"]
[WhiteElo "1605"]
[BlackElo "1830"]
[PlyCount "75"]
[EventDate "1985.??.??"]

{1/(34)} 1. d4 Nf6 2. c4 g6 3. Nf3 Bg7 4. g3 d6 5. Bg2 O-O 6. O-O Nbd7 7. Nc3
Re8 8. e4 e5 9. d5 Nc5 10. Re1 Rf8 11. a3 Nh5 12. b4 Nd7 13. Bg5 f6 14. Be3 b6
15. Qd2 Bh8 16. c5 bxc5 17. bxc5 Nxc5 18. Bxc5 dxc5 19. Na4 c4 20. Nc5 Qd6 21.
Qb4 a5 22. Qxc4 f5 23. Ng5 Ng7 24. Rab1 Ba6 25. Nxa6 Rxa6 26. Rb7 h6 27. Ne6
Nxe6 28. dxe6 Qxe6 29. Bf1 Rc6 30. Qxe6+ Rxe6 31. Bc4 Kf7 32. Rxc7+ Kf6 33.
Bxe6 Kxe6 34. Rc6+ Kf7 35. Rb1 Bf6 36. exf5 gxf5 37. Rb5 Ra8 38. a4 1-0

[Event "East Detroit (MCO/1/29)"]
[Site "?"]
[Date "1985.??.??"]
[Round "?"]
[White "Clark, K.."]
[Black "Varner, M.."]
[Result "1-0"]
[WhiteElo "1905"]
[BlackElo "1605"]
[PlyCount "57"]
[EventDate "1985.??.??"]

{1/(29)} 1. d4 d5 2. Nf3 g6 3. c4 Nf6 4. Nc3 c6 5. Bf4 Bg7 6. e3 O-O 7. Be2
Nbd7 8. cxd5 Nxd5 9. Nxd5 cxd5 10. O-O h6 11. Rc1 Qe8 12. Qb3 e5 13. dxe5 Bxe5
14. Nxe5 Nxe5 15. Qxd5 Nc6 16. Bxh6 Be6 17. Qc5 Bxa2 18. b4 Kh7 19. Qxf8 Qxf8
20. Bxf8 Rxf8 21. b5 Nb4 22. Rc7 Rb8 23. Rd1 a5 24. bxa6 bxa6 25. Bc4 Bxc4 26.
Rxc4 Nd3 27. g4 Nb2 28. Rb1 a5 29. Rc2 1-0

[Event "Westland (SEMO Res/4/25)"]
[Site "?"]
[Date "1985.??.??"]
[Round "?"]
[White "Clark, K.."]
[Black "Robinson, S.."]
[Result "1-0"]
[WhiteElo "1710"]
[BlackElo "1605"]
[PlyCount "59"]
[EventDate "1985.??.??"]

{4/(25)} 1. d4 d5 2. Nf3 Nc6 3. Bf4 Bf5 4. c4 dxc4 5. Nc3 e6 6. e3 Bd6 7. Bxd6
cxd6 8. Bxc4 d5 9. Bb5 Rc8 10. Rc1 Nf6 11. Bxc6+ Rxc6 12. Ne5 Rc7 13. Qa4+ Nd7
14. O-O a6 15. b4 O-O 16. Nxd7 Rxd7 17. b5 Rd6 18. Qb3 Bd3 19. Rfd1 Bc4 20. Qb2
Qa5 21. a4 Rb6 22. e4 Rd6 23. Qd2 Bb3 24. Re1 Rfd8 25. bxa6 bxa6 26. exd5 Rxd5
27. Qb2 Bxa4 28. Nxd5 Qxd5 29. Rc5 Qxd4 30. Qxd4 1-0

[Event "Westland (SEMO Res/2/25)"]
[Site "?"]
[Date "1985.??.??"]
[Round "?"]
[White "Clark, K.."]
[Black "Nixon, Peter"]
[Result "1-0"]
[WhiteElo "1710"]
[BlackElo "1605"]
[PlyCount "61"]
[EventDate "1985.??.??"]

{2/(25)} 1. d4 d5 2. Nf3 Bg4 3. Ne5 Bh5 4. c4 f6 5. Qa4+ c6 6. Nd3 e6 7. cxd5
exd5 8. Bf4 Bg6 9. e3 b5 10. Qd1 Qa5+ 11. Nd2 Nd7 12. a3 Bxd3 13. Bxd3 c5 14.
Qh5+ g6 15. Qxd5 Rc8 16. Qb7 Nb6 17. Bc7 Ne7 18. dxc5 Bg7 19. cxb6 O-O 20. b4
Qa4 21. O-O axb6 22. Bd6 Rf7 23. Ne4 h5 24. Bxe7 Rd8 25. Nd6 Rxd6 26. Qc8+ Kh7
27. Bxd6 f5 28. Bc2 Qa7 29. Rab1 Qxa3 30. Bb3 Qa7 31. Qe8 1-0

[Event "East Detroit (MCO/4/27)"]
[Site "?"]
[Date "1985.??.??"]
[Round "?"]
[White "Clark, K.."]
[Black "Iverson, B.."]
[Result "1-0"]
[WhiteElo "1905"]
[BlackElo "1635"]
[PlyCount "81"]
[EventDate "1985.??.??"]

{4/(27)} 1. d4 Nf6 2. Nf3 e6 3. c4 c5 4. Bf4 d5 5. Nc3 cxd4 6. Nxd4 a6 7. h3
Nc6 8. e3 g6 9. Nxc6 bxc6 10. e4 d4 11. Be5 c5 12. g4 Bd6 13. Bxd6 Qxd6 14. Bg2
Qe5 15. Na4 Nxe4 16. O-O Rb8 17. f4 Qd6 18. Bxe4 f5 19. gxf5 exf5 20. Bd5 Kd8
21. Qe1 Bb7 22. Qa5+ Qc7 23. Qxc5 Qxc5 24. Nxc5 Bxd5 25. cxd5 Rxb2 26. Nd3 Rc2
27. Ne5 Kc7 28. d6+ Kb7 29. Rab1+ Ka7 30. Nf7 Re8 31. Rbc1 Rxc1 32. Rxc1 d3 33.
Rd1 d2 34. Kf2 Re4 35. Rxd2 Rxf4+ 36. Kg3 Re4 37. d7 Re7 38. d8=Q Rxf7 39. Qd4+
Kb8 40. Qb6+ Rb7 41. Rd8# 1-0

[Event "East Lansing (MI Op/6/14)"]
[Site "?"]
[Date "1985.??.??"]
[Round "?"]
[White "Chen, F.."]
[Black "Winfield, J.."]
[Result "1-0"]
[WhiteElo "1935"]
[BlackElo "1745"]
[PlyCount "77"]
[EventDate "1985.??.??"]

{6/(14)} 1. e4 c5 2. Nf3 g6 3. d4 cxd4 4. Nxd4 Bg7 5. Nc3 a6 6. Bc4 b5 7. Bd5
Ra7 8. Be3 Rc7 9. Bxf7+ Kxf7 10. Ne6 Bxc3+ 11. bxc3 Kxe6 12. Qd5+ Kf6 13. Bd4+
e5 14. Bxe5+ Ke7 15. Bd6+ Ke8 16. Qe5+ Kf7 17. Bxc7 Qe7 18. Bxb8 Qxe5 19. Bxe5
Nf6 20. O-O-O Re8 21. Bxf6 Kxf6 22. Rhe1 Re7 23. f4 Bb7 24. e5+ Kf5 25. g3 Kg4
26. Rd6 a5 27. Kd2 Bf3 28. Re3 Bg2 29. Rb6 Bc6 30. Re2 Re6 31. Rf2 g5 32. fxg5
Kxg5 33. Rb8 Kg4 34. Rbf8 Rh6 35. R2f4+ Kg5 36. h4+ Kh5 37. R4f5+ Kg4 38. R8f6
Rh5 39. Rf4+ 1-0

[Event "East Lansing (MI Op/2/28)"]
[Site "?"]
[Date "1985.??.??"]
[Round "?"]
[White "Chen, F.."]
[Black "Schweikert, G.."]
[Result "1-0"]
[WhiteElo "1930"]
[BlackElo "1785"]
[PlyCount "55"]
[EventDate "1985.??.??"]

{2/(28)} 1. e4 c5 2. Nf3 e6 3. d4 cxd4 4. Nxd4 Nf6 5. Nc3 d6 6. f4 Nc6 7. Be3
e5 8. Nxc6 bxc6 9. fxe5 Ng4 10. Bf4 Qb6 11. Qd2 dxe5 12. Bg3 Qxb2 13. Rb1 Qa3
14. h3 Nf6 15. Bxe5 Be7 16. Be2 O-O 17. O-O Qa5 18. Qg5 Qc5+ 19. Kh1 Ne8 20.
Qg3 f6 21. Bf4 Be6 22. Rfd1 Rd8 23. Rxd8 Bxd8 24. Qd3 Qe7 25. Rb8 Bb6 26. Na4
Bc7 27. Rb7 Nd6 28. Rxc7 1-0

[Event "East Lansing (MI Op/4/25)"]
[Site "?"]
[Date "1985.??.??"]
[Round "?"]
[White "Chen, F.."]
[Black "Moore, Robert"]
[Result "1-0"]
[WhiteElo "1930"]
[BlackElo "1815"]
[PlyCount "55"]
[EventDate "1985.??.??"]

{4/(25)} 1. c4 g6 2. d4 d6 3. e4 Bg7 4. Nc3 e5 5. d5 f5 6. exf5 Bxf5 7. Bd3
Bxd3 8. Qxd3 Nf6 9. Bg5 O-O 10. h4 h6 11. Qxg6 hxg5 12. hxg5 Ne8 13. Qe6+ Rf7
14. g6 Qf6 15. gxf7+ Qxf7 16. Qxf7+ Kxf7 17. Nf3 Nd7 18. O-O-O Nef6 19. Nb5 Ng4
20. Rdf1 Bh6+ 21. Kb1 Ndf6 22. Nh4 Ne4 23. Nf5 Bg5 24. Kc2 Nd2 25. Nxc7 Rc8 26.
Nxd6+ Ke7 27. Nxc8+ Kd7 28. Ne6 1-0

[Event "East Lansing (MI Op/7/17)"]
[Site "?"]
[Date "1985.??.??"]
[Round "?"]
[White "Chandler, P.."]
[Black "Winfield, J.."]
[Result "0-1"]
[WhiteElo "1900"]
[BlackElo "1745"]
[PlyCount "66"]
[EventDate "1985.??.??"]

{7/(17)} 1. d4 Nf6 2. c4 e6 3. Nc3 Be7 4. e4 b6 5. e5 Ng8 6. Bd3 Bb7 7. Qg4 g5
8. Nf3 h5 9. Qg3 g4 10. Ne4 d5 11. exd6 Bxd6 12. Nxd6+ Qxd6 13. Qxd6 cxd6 14.
Nh4 Nd7 15. O-O Ngf6 16. Bf4 d5 17. Rfe1 O-O 18. cxd5 Bxd5 19. Bb5 a6 20. Be2
Rfc8 21. Rec1 b5 22. b3 Ne4 23. f3 Nc3 24. Bd3 Rc6 25. fxg4 hxg4 26. Rf1 Rac8
27. Be3 Kg7 28. Bh6+ Kxh6 29. Rxf7 Nf8 30. Raf1 Kg5 31. g3 Nxa2 32. Rg7+ Kh6
33. Rg8 Rc1 0-1

[Event "East Lansing (MI Op/3/29)"]
[Site "?"]
[Date "1985.??.??"]
[Round "?"]
[White "Chandler, P.."]
[Black "Triplett, Thomas"]
[Result "1/2-1/2"]
[WhiteElo "1900"]
[BlackElo "1870"]
[PlyCount "110"]
[EventDate "1985.??.??"]

{3/(29)} 1. c4 e5 2. Nc3 Nf6 3. d3 Be7 4. Nf3 d6 5. Bg5 Nbd7 6. h3 c6 7. d4 Qa5
8. Bd2 Qc7 9. e4 exd4 10. Nxd4 Nc5 11. Qc2 a6 12. a4 Be6 13. b4 Ncd7 14. Nxe6
fxe6 15. Be2 O-O 16. O-O Rf7 17. Qb3 Raf8 18. c5 d5 19. exd5 exd5 20. Be3 Bd8
21. Bd4 Qf4 22. Be3 Qb8 23. Rad1 Bc7 24. b5 axb5 25. axb5 Be5 26. Rd2 Kh8 27.
Rb1 Bxc3 28. Qxc3 Ne4 29. Qd4 Nxd2 30. Qxd2 Qc7 31. Bd4 Nf6 32. Bd3 Ne4 33.
Bxe4 dxe4 34. bxc6 bxc6 35. Rb3 Rb8 36. Rb6 Rd7 37. Rxb8+ Qxb8 38. Qc3 Qb1+ 39.
Kh2 Qd3 40. Be5 Qxc3 41. Bxc3 Rd3 42. Be5 Kg8 43. Bf4 Kf7 44. Be3 Ke6 45. Kg3
Kd5 46. Kf4 Rxe3 47. fxe3 Kxc5 48. Kxe4 Kb4 49. Kf5 c5 50. e4 c4 51. e5 c3 52.
e6 c2 53. e7 c1=Q 54. e8=Q Qf1+ 55. Ke6 Qxg2 1/2-1/2

[Event "East Lansing (MI Op/1a/3)"]
[Site "?"]
[Date "1985.??.??"]
[Round "?"]
[White "Chandler, P.."]
[Black "Marfia, J.."]
[Result "1/2-1/2"]
[WhiteElo "1900"]
[BlackElo "2140"]
[PlyCount "71"]
[EventDate "1985.??.??"]

1. d4 Nf6 2. c4 c5 3. e3 g6 4. Nc3 Bg7 5. Nge2 O-O 6. g3 Nc6 7. Bg2 cxd4 8.
Nxd4 d6 9. Nxc6 bxc6 10. Bxc6 Rb8 11. O-O Be6 12. Qa4 a5 13. Nb5 Nd7 14. Nd4
Ne5 15. Bd5 Bh3 16. Rd1 e6 17. Nc6 Qe8 18. Bh1 Rb4 19. Qxa5 Nxc6 20. Qa6 Ne5
21. Qxd6 Rxc4 22. a4 Rxa4 23. Bc6 Nxc6 24. Rxa4 Ne5 25. b3 Bg4 26. Ba3 Bxd1 27.
Qxd1 Qd8 28. Rd4 Qa8 29. Ra4 Qc6 30. Bxf8 Nf3+ 31. Kg2 Nh4+ 32. Kf1 Qg2+ 33.
Ke2 Qf3+ 34. Kd2 Qxf2+ 35. Kd3 Nf5 36. Bc5 1/2-1/2

[Event "Westland (SEMO/3/16)"]
[Site "?"]
[Date "1985.??.??"]
[Round "?"]
[White "Chandler, P.."]
[Black "Dangremond, Leonard"]
[Result "1/2-1/2"]
[WhiteElo "1925"]
[BlackElo "2020"]
[PlyCount "46"]
[EventDate "1985.??.??"]

{3/(16)} 1. d4 d5 2. c4 e6 3. Nc3 Nf6 4. Bg5 Nbd7 5. Nf3 c6 6. cxd5 exd5 7. a3
Bd6 8. Qd2 h6 9. Bf4 Nb6 10. Bxd6 Nc4 11. Qc2 Nxd6 12. e3 Bf5 13. Bd3 Bxd3 14.
Qxd3 O-O 15. O-O Re8 16. Nd2 Qd7 17. a4 a5 18. Rfe1 Re6 19. Nb3 b6 20. Nd2 Rae8
21. Nf3 Nfe4 22. Ne2 f6 23. Nf4 R6e7 1/2-1/2

[Event "East Lansing (MI Op/5/15)"]
[Site "?"]
[Date "1985.??.??"]
[Round "?"]
[White "Chandler, P.."]
[Black "Baze, Lineas"]
[Result "0-1"]
[WhiteElo "1900"]
[BlackElo "2060"]
[PlyCount "32"]
[EventDate "1985.??.??"]

{5/(15)} 1. d4 Nf6 2. c4 g6 3. Nc3 Bg7 4. e4 d6 5. f4 O-O 6. Nf3 c5 7. d5 e6 8.
Be2 exd5 9. cxd5 Re8 10. Qc2 Qe7 11. Bd3 Nxe4 12. Nxe4 f5 13. O-O fxe4 14. Re1
Bf5 15. Ng5 Na6 16. Bd2 exd3 0-1

[Event "Westland (SEMO/1a/6)"]
[Site "?"]
[Date "1985.??.??"]
[Round "?"]
[White "Chandler, P.."]
[Black "Bailey, Greg"]
[Result "1/2-1/2"]
[WhiteElo "1925"]
[BlackElo "2065"]
[PlyCount "98"]
[EventDate "1985.??.??"]

1. d4 Nf6 2. c4 g6 3. Nc3 Bg7 4. Nf3 d6 5. Bg5 Nbd7 6. e4 c5 7. Be2 cxd4 8.
Nxd4 Qb6 9. Nb3 O-O 10. Be3 Qd8 11. f4 b6 12. Bf3 Ba6 13. e5 dxe5 14. Bxa8 exf4
15. Bxf4 Qxa8 16. O-O Bxc4 17. Re1 e6 18. Qf3 Nd5 19. Nd2 Bd4+ 20. Kh1 Ba6 21.
Nxd5 exd5 22. Bd6 Re8 23. Rxe8+ Qxe8 24. Qxd5 Bxb2 25. Rb1 Bg7 26. Nf3 Nf6 27.
Qb3 Qc6 28. Rd1 Ne4 29. Bg3 Be2 30. Re1 Nxg3+ 31. hxg3 Bc4 32. Qa3 a5 33. Ne5
Bxe5 34. Rxe5 Bd5 35. Re2 h5 36. Qe7 Kg7 37. Qe5+ Qf6 38. Qxf6+ Kxf6 39. Rb2
Ke5 40. Rxb6 Bxa2 41. Rb5+ Ke4 42. Rxa5 Be6 43. Kg1 Ke3 44. Ra3+ Ke4 45. Kf2
Ke5 46. Ke3 Bg4 47. Ra5+ Kf6 48. Kf4 Be6 49. Ra6 Kg7 1/2-1/2

[Event "Westland (MEX/1)"]
[Site "?"]
[Date "1985.??.??"]
[Round "?"]
[White "Carroll, Deuvoy"]
[Black "Jarosz, Stan"]
[Result "1-0"]
[WhiteElo "2120"]
[BlackElo "2030"]
[PlyCount "72"]
[EventDate "1985.??.??"]

1. Nf3 d5 2. d4 Nf6 3. c3 Bf5 4. Qb3 Qc8 5. Bg5 Nbd7 6. Nbd2 e6 7. e3 Bd6 8.
Be2 c6 9. Rc1 b5 10. O-O Qb8 11. Bh4 Ne4 12. Bg3 Nxg3 13. hxg3 Nf6 14. a4 a6
15. Ra1 O-O 16. axb5 axb5 17. Ra2 Ne4 18. Rfa1 Rxa2 19. Qxa2 Bg4 20. Bd3 f5 21.
Qa7 Bxg3 22. fxg3 Qxg3 23. Bxe4 Bh3 24. Ng5 Qxg5 25. Bf3 Qxe3+ 26. Kh2 Bxg2 27.
Bxg2 Qxd2 28. Qd7 Qg5 29. Qxe6+ Kh8 30. Qxc6 f4 31. Qxd5 Qg3+ 32. Kh1 h6 33.
Qf3 Qh4+ 34. Kg1 Re8 35. Rf1 g5 36. Qc6 Qg3 1-0

[Event "Westland (MEX/3)"]
[Site "?"]
[Date "1985.??.??"]
[Round "?"]
[White "Carroll, Deuvoy"]
[Black "Bagherabadi, Mohammed"]
[Result "1-0"]
[WhiteElo "2120"]
[BlackElo "2085"]
[PlyCount "46"]
[EventDate "1985.??.??"]

1. Nf3 c5 2. e4 a6 3. a4 Nc6 4. d4 cxd4 5. Nxd4 Nf6 6. Nc3 d6 7. Bc4 g6 8. Nxc6
bxc6 9. e5 Nh5 10. Qf3 e6 11. exd6 Qxd6 12. g4 Ng7 13. Bh6 Qe5+ 14. Be2 Bb7 15.
O-O-O Be7 16. Ne4 Ra7 17. Bf4 Qa5 18. Nd6+ Bxd6 19. Bxd6 Qg5+ 20. Bf4 Qf6 21.
Qe3 c5 22. Bg5 Nf5 23. gxf5 Qxf5 1-0

[Event "East Detroit (MCO/1/33)"]
[Site "?"]
[Date "1985.??.??"]
[Round "?"]
[White "Burg, Dan"]
[Black "Willis, F.."]
[Result "1-0"]
[WhiteElo "1850"]
[BlackElo "1605"]
[PlyCount "51"]
[EventDate "1985.??.??"]

{1/(33)} 1. e4 c5 2. c3 Nc6 3. d4 cxd4 4. cxd4 d6 5. f4 Nf6 6. Nc3 e6 7. Nf3 a6
8. a4 g6 9. Bd3 Nb4 10. Bb1 Bg7 11. O-O b6 12. e5 Nfd5 13. Ne4 dxe5 14. fxe5
O-O 15. Nfg5 f6 16. Nxf6+ Nxf6 17. exf6 Rxf6 18. Nf3 Rf8 19. Ra3 Bb7 20. Be3
Rc8 21. Ng5 Bd5 22. h4 Qd6 23. h5 Qg3 24. Ne4 Rxf1+ 25. Qxf1 Rf8 26. Nxg3 1-0

[Event "East Detroit (MCO/3/28)"]
[Site "?"]
[Date "1985.??.??"]
[Round "?"]
[White "Burg, Dan"]
[Black "Williams, C.."]
[Result "1-0"]
[WhiteElo "1850"]
[BlackElo "1605"]
[PlyCount "33"]
[EventDate "1985.??.??"]

{3/(28)} 1. e4 c5 2. c3 d5 3. exd5 Qxd5 4. Nf3 Nc6 5. Na3 Qd8 6. Bb5 Bd7 7. d4
e6 8. Be3 cxd4 9. Nxd4 Nge7 10. O-O a6 11. Nc4 Nd5 12. Nxc6 Nxe3 13. fxe3 Qc7
14. N4e5 Bd6 15. Rxf7 axb5 16. Rxd7 Qb6 17. Re7+ 1-0

[Event "East Detroit (MCO/5/17)"]
[Site "?"]
[Date "1985.??.??"]
[Round "?"]
[White "Burg, Dan"]
[Black "Krevinko, S.."]
[Result "0-1"]
[WhiteElo "1850"]
[BlackElo "1940"]
[PlyCount "79"]
[EventDate "1985.??.??"]

{5/(17)} 1. e4 e6 2. d4 d5 3. Nd2 c5 4. c3 Nc6 5. exd5 exd5 6. Qe2+ Qe7 7. dxc5
Qxe2+ 8. Bxe2 Bxc5 9. Nb3 Bb6 10. Bf3 Be6 11. Ne2 Nf6 12. Bg5 Ne5 13. Nf4 Nxf3+
14. gxf3 Nd7 15. O-O-O h6 16. Bh4 Ne5 17. Nxd5 Nxf3 18. Bg3 O-O 19. Nc7 Bxc7
20. Bxc7 Rfc8 21. Bf4 Rc4 22. Be3 Bh3 23. Nd2 Nxd2 24. Rxd2 a6 25. Bd4 Re8 26.
b3 Rc6 27. a4 Rg6 28. Kb2 Rg2 29. Bb6 Bg4 30. Bc7 Bf3 31. Rc1 f5 32. h4 Re7 33.
Bb6 f4 34. Ka3 Be2 35. Re1 f3 36. Rd8+ Kh7 37. Rf8 Rd7 38. Rf4 Rg6 39. Bd4 Rg2
40. b4 $138 0-1

[Event "Westland (SEMO/4/17)"]
[Site "?"]
[Date "1985.??.??"]
[Round "?"]
[White "Burg, Dan"]
[Black "Comstock, Ron"]
[Result "1/2-1/2"]
[WhiteElo "1930"]
[BlackElo "1870"]
[PlyCount "90"]
[EventDate "1985.??.??"]

{4/(17)} 1. e4 c5 2. c3 d5 3. exd5 Qxd5 4. Nf3 Nf6 5. d4 Nc6 6. Be3 cxd4 7.
Nxd4 Ng4 8. Nd2 Nxe3 9. fxe3 Qg5 10. Qf3 Bd7 11. Bc4 e6 12. O-O Ne5 13. Qxb7
Rc8 14. Bb5 Qd8 15. N2f3 Rc7 16. Qe4 Nxf3+ 17. Qxf3 Bxb5 18. Nxb5 Rd7 19. Rad1
Bc5 20. Nd6+ Bxd6 21. Rxd6 O-O 22. Rxd7 Qxd7 23. Rd1 Qb5 24. Rd2 Rb8 25. Qd1
Qb6 26. Kf2 g6 27. b3 Kg7 28. c4 a5 29. Rd6 Qc7 30. Qd4+ Kg8 31. c5 Kf8 32. c6
Kg8 33. a3 h5 34. b4 axb4 35. axb4 Qe7 36. b5 e5 37. Qb4 Kh7 38. Ke2 Rxb5 39.
Qxb5 Qxd6 40. Qb7 e4 41. Qxf7+ Kh8 42. Qd7 Qa3 43. Qd4+ Kh7 44. c7 Qa2+ 45. Qd2
Qc4+ 1/2-1/2

[Event "Westland (SEMO/3/15)"]
[Site "?"]
[Date "1985.??.??"]
[Round "?"]
[White "Burg, Dan"]
[Black "Bailey, Greg"]
[Result "0-1"]
[WhiteElo "1930"]
[BlackElo "2065"]
[PlyCount "48"]
[EventDate "1985.??.??"]

{3/(15)} 1. e4 c6 2. Nf3 d5 3. Nc3 dxe4 4. Nxe4 Nf6 5. Nxf6+ gxf6 6. d4 Bf5 7.
c3 e6 8. Bf4 Nd7 9. Nh4 Bg6 10. Nxg6 hxg6 11. Qd2 g5 12. Bg3 f5 13. f4 Bd6 14.
Qe3 Qc7 15. Qd2 gxf4 16. Bf2 Nf6 17. O-O-O Ng4 18. h3 O-O-O 19. Bd3 Ne3 20.
Rdg1 Rdg8 21. Bxe3 fxe3 22. Qe2 Bg3 23. Qf3 Bf2 24. Rd1 Rg3 0-1

[Event "Westland (SEMO Res/3/21)"]
[Site "?"]
[Date "1985.??.??"]
[Round "?"]
[White "Brown, Dan"]
[Black "Thomas, Henry"]
[Result "0-1"]
[WhiteElo "1790"]
[BlackElo "1620"]
[PlyCount "66"]
[EventDate "1985.??.??"]

{3/(21)} 1. Nf3 b6 2. b3 f5 3. Bb2 e6 4. c4 Nf6 5. Na3 Be7 6. e3 O-O 7. Be2 Bb7
8. Nc2 Qe8 9. Ncd4 a6 10. Bd3 Bd6 11. h3 g6 12. Be2 e5 13. Nc2 e4 14. Nh2 c5
15. g4 Qe6 16. g5 Ne8 17. f4 exf3 18. Bxf3 Bg3+ 19. Ke2 Bxf3+ 20. Nxf3 f4 21.
Qg1 Nc6 22. Rf1 Nd6 23. d3 Rae8 24. a3 Nf5 25. e4 d5 26. Nd2 dxe4 27. Nxe4 Nd6
28. Qg2 Nxe4 29. dxe4 f3+ 30. Rxf3 Qxe4+ 31. Ne3 Qc2+ 32. Kf1 Qd1+ 33. Nxd1
Re1# 0-1

[Event "Westland (SEMO Res/1b/11)"]
[Site "?"]
[Date "1985.??.??"]
[Round "?"]
[White "Brown, Dan"]
[Black "McCarter, Robert"]
[Result "1-0"]
[WhiteElo "1790"]
[BlackElo "1605"]
[PlyCount "47"]
[EventDate "1985.??.??"]

1. Nf3 Nf6 2. b3 e6 3. Bb2 d5 4. e3 g6 5. c4 Bg7 6. Na3 O-O 7. Be2 Nbd7 8. Rc1
c6 9. O-O Qe7 10. Nc2 c5 11. Ba3 b6 12. cxd5 Nxd5 13. Ncd4 Qf6 14. Nb5 e5 15.
d4 exd4 16. exd4 Nf4 17. Bc4 Bb7 18. dxc5 Nxc5 19. Rc2 Rfd8 20. Rd2 Rxd2 21.
Qxd2 Bxf3 22. Qe3 Qg5 23. Qxf3 Kh8 24. Qxa8+ 1-0

[Event "Westland (SEMO Res/5/20)"]
[Site "?"]
[Date "1985.??.??"]
[Round "?"]
[White "Brown, Dan"]
[Black "Malumphy, Joseph"]
[Result "0-1"]
[WhiteElo "1790"]
[BlackElo "1725"]
[PlyCount "90"]
[EventDate "1985.??.??"]

{5/(20)} 1. Nf3 Nf6 2. b3 g6 3. Bb2 Bg7 4. g3 c5 5. Bg2 d5 6. e3 Nc6 7. O-O O-O
8. d3 Re8 9. Nbd2 e5 10. c4 d4 11. exd4 exd4 12. a3 Bf5 13. Qc2 Qd7 14. Nh4 Bh3
15. Nhf3 Bxg2 16. Kxg2 Re2 17. Ng1 Re7 18. Rae1 Ne5 19. Ne4 Qc6 20. f3 Rae8 21.
Nxf6+ Bxf6 22. Bc1 Nxf3 23. Nxf3 Rxe1 24. Rxe1 Rxe1 25. Kf2 Re8 26. Bf4 Qe6 27.
Qd1 g5 28. Nxg5 Bxg5 29. Bxg5 Qf5+ 30. Bf4 Re3 31. Kg2 Rxd3 32. Qe2 Kg7 33.
Be5+ f6 34. Bf4 Kf7 35. g4 Qxf4 36. Qxd3 Qxg4+ 37. Kf1 Qf4+ 38. Kg2 f5 39. b4
Qe4+ 40. Qxe4 fxe4 41. bxc5 Ke6 42. Kf2 Kd7 43. a4 Kc6 44. a5 Kxc5 45. a6 bxa6
0-1

[Event "East Detroit (MCO/3/5)"]
[Site "?"]
[Date "1985.??.??"]
[Round "?"]
[White "Brooks, John"]
[Black "Smith, Walt"]
[Result "0-1"]
[WhiteElo "2140"]
[BlackElo "1985"]
[PlyCount "94"]
[EventDate "1985.??.??"]

{3/(5)} 1. d4 Nf6 2. c4 e6 3. Bg5 c5 4. d5 exd5 5. cxd5 Qb6 6. Bxf6 Qxf6 7. Nc3
a6 8. a4 d6 9. e4 g6 10. Be2 Bg7 11. Nf3 Qe7 12. O-O O-O 13. Re1 Re8 14. a5 Qc7
15. Qd2 Nd7 16. Bf1 Rb8 17. h4 b5 18. axb6 Qxb6 19. Na4 Qb4 20. Qf4 Ne5 21. Nd2
Bd7 22. Nc3 Rb6 23. Na2 Qd4 24. b4 c4 25. Rac1 Rc8 26. Nb1 Ba4 27. Rc3 Bb3 28.
Nc1 Rxb4 29. Ne2 Qb6 30. Ng3 h5 31. Be2 Ba4 32. Rcc1 Bd7 33. Qg5 Bg4 34. Nc3
Nd3 35. Bxd3 cxd3 36. Nf5 gxf5 37. Na4 Rxc1 38. Rxc1 Rxa4 39. exf5 Ra2 40. Rf1
Qd4 41. Kh2 Qe5+ 42. Kg1 Ra1 43. Rxa1 Qxa1+ 44. Kh2 Qe5+ 45. g3 Qxf5 46. Qe3
Qf3 47. Qb6 Bh3 0-1

[Event "East Detroit (MCO/5/5)"]
[Site "?"]
[Date "1985.??.??"]
[Round "?"]
[White "Brooks, John"]
[Black "Jarosz, Stan"]
[Result "1/2-1/2"]
[WhiteElo "2140"]
[BlackElo "2030"]
[PlyCount "91"]
[EventDate "1985.??.??"]

{5/(5)} 1. d4 d5 2. c4 e6 3. Nf3 Nf6 4. Bg5 Be7 5. Nc3 h6 6. Bh4 O-O 7. e3 b6
8. cxd5 Nxd5 9. Bxe7 Qxe7 10. Bd3 Nxc3 11. bxc3 Bb7 12. O-O c5 13. a4 cxd4 14.
cxd4 Nc6 15. Qe2 Rac8 16. Rfb1 Na5 17. Ne5 Rc3 18. Qd1 Rfc8 19. e4 Qd6 20. Nf3
Ra3 21. Rc1 Rcc3 22. Rxc3 Rxc3 23. Rc1 Qa3 24. Rxc3 Qxc3 25. Qb1 Nb3 26. Qa2
Qa1+ 27. Qb1 Qxa4 28. d5 exd5 29. exd5 Bxd5 30. Qe1 Qd7 31. Qe5 g6 32. Qb8+ Kh7
33. Ne5 Qe7 34. h4 Nc5 35. h5 Nxd3 36. hxg6+ fxg6 37. Nxd3 h5 38. Nf4 Bc6 39.
Nh3 b5 40. f4 b4 41. Qc8 Qc5+ 42. Kh2 Qd5 43. Ng5+ Kg7 44. Qc7+ Bd7 45. Qxa7
Qd6 46. Qe3 1/2-1/2

[Event "East Detroit (MCO/1/46)"]
[Site "?"]
[Date "1985.??.??"]
[Round "?"]
[White "Brooks, John"]
[Black "Alayli, S.."]
[Result "1-0"]
[WhiteElo "2140"]
[BlackElo "1605"]
[PlyCount "49"]
[EventDate "1985.??.??"]

{1/(46)} 1. d4 d5 2. c4 e6 3. Nf3 Nf6 4. Bg5 Nbd7 5. c5 c6 6. Nbd2 Be7 7. e3 b6
8. b4 bxc5 9. bxc5 Qa5 10. Bd3 Ba6 11. Bxa6 Qxa6 12. Qe2 Qxe2+ 13. Kxe2 Rb8 14.
Bf4 Rb5 15. a4 Rb2 16. Rhb1 Rxb1 17. Rxb1 Nh5 18. Bc7 Bd8 19. Bd6 Be7 20. Ne5
Bxd6 21. cxd6 Nhf6 22. Rb7 a6 23. Ra7 O-O 24. Nxd7 Nxd7 25. Rxd7 1-0

[Event "East Lansing (MI Op/4/19)"]
[Site "?"]
[Date "1985.??.??"]
[Round "?"]
[White "Brattin, Vincent"]
[Black "Hankinson, Chris"]
[Result "0-1"]
[WhiteElo "1890"]
[BlackElo "1980"]
[PlyCount "100"]
[EventDate "1985.??.??"]

{4/(19)} 1. e4 a6 2. g3 c5 3. Bg2 Nc6 4. Nf3 e6 5. O-O d6 6. d4 cxd4 7. Nxd4
Qc7 8. Nc3 Be7 9. Be3 Nf6 10. f4 e5 11. Nf5 O-O 12. Nxe7+ Nxe7 13. f5 b5 14.
Bg5 b4 15. Bxf6 bxc3 16. Bxe7 cxb2 17. Rb1 Qxe7 18. Rxb2 a5 19. Qd5 Ra6 20.
Rfb1 Qa7+ 21. Kh1 Qc7 22. Bf1 Rc6 23. Bd3 Rc5 24. Qb3 Bd7 25. Qb7 Qxb7 26. Rxb7
Bc6 27. Rb8 d5 28. Rxf8+ Kxf8 29. Re1 f6 30. Kg1 dxe4 31. Bxe4 Bxe4 32. Rxe4
Rxc2 33. Ra4 Rc5 34. Kf2 g6 35. fxg6 hxg6 36. Ke3 f5 37. g4 f4+ 38. Ke4 Ke7 39.
h4 Ke6 40. Ra3 Rc4+ 41. Kd3 Rd4+ 42. Ke2 a4 43. Kf3 Kd5 44. Rc3 Rd2 45. a3 Rb2
46. Rd3+ Ke6 47. Ke4 Rb3 48. h5 gxh5 49. gxh5 Rxd3 50. Kxd3 Kf5 0-1

[Event "East Lansing (MI Op/2/17)"]
[Site "?"]
[Date "1985.??.??"]
[Round "?"]
[White "Brattin, Vincent"]
[Black "Avery, Robert W"]
[Result "0-1"]
[WhiteElo "1890"]
[BlackElo "2120"]
[PlyCount "62"]
[EventDate "1985.??.??"]

{2/(17)} 1. e4 e5 2. Nf3 Nc6 3. Bc4 Nf6 4. Ng5 d5 5. exd5 b5 6. Bxb5 Qxd5 7.
Qe2 Qxg2 8. Qxe5+ Be7 9. Bxc6+ Qxc6 10. Rg1 h6 11. Nc3 hxg5 12. d3 Ng4 13. Qb5
Qxb5 14. Nxb5 Kd8 15. Be3 Nxe3 16. fxe3 Rb8 17. Nd4 Rxb2 18. Nc6+ Kd7 19. Nxe7
Kxe7 20. O-O-O Rxa2 21. Kb1 Be6 22. Rxg5 Rxh2 23. Rc5 Kd6 24. Rc3 Re2 25. e4
Ra5 26. Rg1 g5 27. Kb2 Rb5+ 28. Ka3 g4 29. Ka4 Rb2 30. Rc1 c5 31. Ka5 Kc6 0-1